| 000 | 00437nam a2200181Ia 4500 | ||
|---|---|---|---|
| 001 | 14423 | ||
| 005 | 20260306164913.0 | ||
| 008 | 260306t2010||||xx |||||||||||||| ||spa|| | ||
| 041 | _aESP | ||
| 082 |
_a515 _bA49 |
||
| 100 |
_aAlvarez Silva de Begazo, Magaly _eAUT |
||
| 245 | 0 | _aGuía de práctica de cálculo | |
| 260 | _c2010 | ||
| 300 |
_a286 páginas : _c30 cm. |
||
| 650 | _aGEN | ||
| 654 | _aCMA | ||
| 942 |
_cLIB _dJUS _fJUS _2ddc _n |
||
| 999 |
_c14423 _d14423 |
||